| Tag |
First Indicator |
Second Indicator |
Subfields |
| LEADER |
00000cam a2200000 a 4500 |
| 001 |
in00001237006 |
| 005 |
20151003061114.0 |
| 008 |
950508s1993 is 000 0 eng d |
| 035 |
|
|
|a (OCoLC)32436579
|
| 035 |
|
|
|9 AGS3509AM
|
| 040 |
|
|
|a OSU
|c OSU
|d TXA
|d UtOrBLW
|
| 049 |
|
|
|a TXAM
|
| 090 |
|
|
|a D804.3
|b .I77 1993
|
| 245 |
0 |
0 |
|a Issues in the study of the Holocaust /
|c reading material compiled by David Bankier and Robert Rozett.
|
| 264 |
|
1 |
|a Jerusalem :
|b Hebrew University of Jerusalem, Rothberg School for Overseas Students,
|c 1993.
|
| 300 |
|
|
|a 95 pages ;
|c 21 x 28 cm.
|
| 336 |
|
|
|a text
|b txt
|2 rdacontent
|
| 337 |
|
|
|a unmediated
|b n
|2 rdamedia
|
| 338 |
|
|
|a volume
|b nc
|2 rdacarrier
|
| 500 |
|
|
|a "For internal use only."
|
| 500 |
|
|
|a Collection of articles from various sources.
|
| 504 |
|
|
|a Includes bibliographical references.
|
| 650 |
|
0 |
|a Holocaust, Jewish (1939-1945)
|
| 650 |
|
0 |
|a Antisemitism.
|
| 700 |
1 |
|
|a Bankier, David.
|
| 700 |
1 |
|
|a Rozett, Robert.
|
| 710 |
2 |
|
|a Bet ha-sefer le-talmide ḥu. l. ʻa. sh. Sh. Roṭberg.
|
| 999 |
|
|
|a MARS
|
| 999 |
f |
f |
|s 92dc3684-35c8-31ff-8d05-032973e2958a
|i fd070f9b-e4d9-3cde-9d4f-27ebc7f10893
|t 0
|
| 952 |
f |
f |
|p ric
|a Texas A&M University
|b Rellis Campus
|c Joint Library Facility
|d Remote Storage
|t 0
|e D804.3 .I77 1993
|h Library of Congress classification
|i unmediated -- volume
|m A14819722315
|
| 998 |
f |
f |
|a D804.3 .I77 1993
|t 0
|l Remote Storage
|